Reactivos químicos (Record no. 125945)

MARC details
000 -LEADER
campo de control de longitud fija 00497nam a2200157 4500
001 - NÚMERO DE CONTROL
campo de control 125945
003 - IDENTIFICADOR DE NÚMERO DE CONTROL
campo de control ES-MaACL
005 - FECHA Y HORA DE LA ÚLTIMA TRANSACCIÓN
campo de control 20230906192727.0
007 - CAMPO FIJO DE DESCRIPCIÓN FÍSICA--INFORMACIÓN GENERAL
campo de control de longitud fija t|
008 - DATOS DE LONGITUD FIJA--INFORMACIÓN GENERAL
campo de control de longitud fija 070214s1957 sp r ||||1| spa d
245 00 - MENCIÓN DEL TÍTULO
Título Reactivos químicos
Resto del título : normas de pureza 1955 de la American Chemical Society /
Mención de responsabilidad, etc. traducción de Casimiro Busquets.
260 ## - PUBLICACIÓN, DISTRIBUCIÓN, ETC.
Lugar de publicación, distribución, etc. Barcelona :
Nombre del editor, distribuidor, etc. Probus,
Fecha de publicación, distribución, etc. 1957.
300 ## - DESCRIPCIÓN FÍSICA
Extensión XV, 441 p. ;
Dimensiones 24 cm.
700 1# - ENTRADA AGREGADA--NOMBRE PERSONAL
Nombre de persona Busquets, Casimiro.
9 (RLIN) 32836
852 ## - LOCALIZACIÓN
Ubicación ES-MaACL
Número de control de estantería C-12925
Sublocalización o colección R.41192
Holdings
Estatus retirado Estado de pérdida Estado de daño No para préstamo Biblioteca de origen Biblioteca actual Ubicación en estantería Fecha de adquisición Fuente de adquisición Total de préstamos Signatura topográfica completa Código de barras Visto por última vez Precio de reemplazo Tipo de ítem Koha
        Biblioteca del Ateneo de Madrid Biblioteca del Ateneo de Madrid Sala Palomar 17/01/2008     C-12925 1131192 23/02/2023 23/02/2023 Libro impreso